01163 a2200301 4500003000700000005001700007008004100024020001800065040002500083041000800108050001500116100003000131245011900161250001800280260003700298300004200335336002800377337003000405338002700435504002200462650002800484650002100512650002800533942001300561999001700574952013500591952013500726CBULib20231219082650.0231219b |||||||| |||| 00| 0 eng d a9781455706846 bEnglishcCBULiberda aeng aQM 601 Sch1 aSchoenwolf, Gary C.91469 aLarsen's human embryologyc/ by Gary C. Schoenwolf; Steven B. Bleyl; Philip R. Brauer; and Philipa H. Francis-West aFifth edition bElsevier,c2015.aPhiladelphia : axvi, 554 pages : colour illustrations 2rdacontentaText |btxt 2rdamediaaUnmediated |bn 2rdacarrieraVolumebnc aincluded an index 091470aEMBRYOLOGY, HUMAN 091471aEMBRYOLOGY 091472aFETUS-DEVELOPMENT 2lccc002 c83614d83614 00102lcc40708SOMa002b001cGENd2023-12-19eBook Aid Internationalg49.92oQM 601 Schp905622r2023-12-19t1w2023-12-19y002 00102lcc40708MCSa008b001cGENd2023-12-19eBook Aid Internationalg49.92oQM 601 Schp905623r2023-12-19t2w2023-12-19y002